Vol1 : Pédogenèse et classification. - 2e ed. rev. et augm. Vol2 : constituants et propriétés du sol/Maurice Bonneau et Bernard Souchier (Record no. 10285)
[ view plain ]
| 000 -LEADER | |
|---|---|
| fixed length control field | 00725 a2200265 4500 |
| 035 ## - SYSTEM CONTROL NUMBER | |
| System control number | 12898 |
| 035 ## - SYSTEM CONTROL NUMBER | |
| System control number | 12899 |
| 020 ## - NUMERO INTERNATIONAL NORMALISE DES LIVRES | |
| International Standard Book Number | 2-225-79673-4 |
| 020 ## - NUMERO INTERNATIONAL NORMALISE DES LIVRES | |
| International Standard Book Number | 2-225-84019-9 |
| 130 ## - VEDETTE PRINCIPALE - TITRE UNIFORME | |
| Language of a work | Fr. |
| 260 ## - PUBLICATION, DISTRIBUTION, ETC. (IMPRINT) | |
| Place of publication, distribution, etc | Paris |
| 260 ## - PUBLICATION, DISTRIBUTION, ETC. (IMPRINT) | |
| Name of publisher, distributor, etc | Masson |
| 245 ## - TITLE STATEMENT | |
| Title | Vol1 : Pédogenèse et classification. - 2e ed. rev. et augm. Vol2 : constituants et propriétés du sol/Maurice Bonneau et Bernard Souchier |
| 260 ## - PUBLICATION, DISTRIBUTION, ETC. (IMPRINT) | |
| Date of publication, distribution, etc | 1983-1984 |
| 250 ## - EDITION STATEMENT | |
| Edition statement | 2e ed. |
| 300 ## - PHYSICAL DESCRIPTION | |
| Extent | 2vol.,XIV-491 p., XX-665 p. |
| 300 ## - PHYSICAL DESCRIPTION | |
| Other physical details | ill., fig., cartes ; 25 cm. |
| 440 ## - SERIES STATEMENT/ADDED ENTRY--TITLE | |
| Title | Pédologie |
| 650 ## - SUBJECT ADDED ENTRY--TOPICAL TERM | |
| Topical term or geographic name as entry element | <Sols> |
| 700 ## - ADDED ENTRY--PERSONAL NAME | |
| Personal name | DUCHAUFOUR, Philippe |
| Withdrawn status | Lost status | Damaged status | Not for loan | Location (home branch) | Sublocation or collection (holding branch) | Date acquired | Source of acquisition | Koha issues (times borrowed) | Koha full call number | Piece designation (barcode) | Koha date last seen | Copy number | Koha item type |
|---|---|---|---|---|---|---|---|---|---|---|---|---|---|
| Bibliothèque Ecole Polytechnique d'Abomey-Calavi | Bibliothèque Ecole Polytechnique d'Abomey-Calavi | 27/02/2009 | EPAC | 631.4/D827p | 20934EPAC | 27/02/2009 | 1 | Livre |